Russia 2018 FIFA World Cup Squad - Statistics

General Stats
  • This quiz has been taken 32 times
  • The average score is 12 of 24
Answer Stats
Position Club Player % Correct
Midfielder Villarreal Denis Cheryshev
89%
Goalkeeper CSKA Moscow Igor Akinfeev
89%
Forward Zenit St. Petersburg Artem Dzyuba
81%
Midfielder CSKA Moscow Aleksandr Golovin
78%
Defender CSKA Moscow Mario Fernandes
78%
Forward Krasnodar Fyodor Smolov
67%
Manager Russia Stanislav Cherchesov
63%
Defender CSKA Moscow Sergei Ignashevich
56%
Midfielder Lokomotiv Moscow Aleksei Miranchuk
52%
Midfielder Lokomotiv Moscow Anton Miranchuk
52%
Midfielder CSKA Moscow Alan Dzagoev
48%
Midfielder Krasnodar Yury Gazinsky
44%
Midfielder Spartak Moscow Aleksandr Samedov
41%
Goalkeeper Zenit St. Petersburg Andrey Lunev
41%
Defender Spartak Moscow Ilya Kutepov
41%
Midfielder Spartak Moscow Roman Zobnin
41%
Midfielder Zenit St. Petersburg Yuri Zhirkov
41%
Midfielder Zenit St. Petersburg Aleksandr Yerokhin
37%
Goalkeeper Club Brugge Vladimir Gabulov
37%
Defender Rubin Kazan Vladimir Granat
37%
Defender Akhmat Grozny Andrei Semenov
33%
Defender Rubin Kazan Fyodor Kudryashov
33%
Defender Zenit St. Petersburg Igor Smolnikov
33%
Midfielder Zenit St. Petersburg Daler Kuzyayev
30%
No matching quizzes found
Score Distribution
Percent of People with Each Score
Percentile by Number Answered
Your Score History
You have not taken this quiz